书目信息 |
| 题名: |
高等代数辅导与习题解答
|
|
| 作者: | 黄光谷 编 | |
| 分册: | ||
| 出版信息: | 武汉 华中科技大学出版社 2005 |
|
| 页数: | 466页 | |
| 开本: | 21cm | |
| 丛书名: | 经典教材辅导用书 | |
| 单 册: | ||
| 中图分类: | O15-42 | |
| 科图分类: | ||
| 主题词: | 高等代数--高等学校--教学参考资料 , 高等代数 | |
| 电子资源: | ||
| ISBN: | 7-5609-3379-3 | |
| 000 | 00915oam2 2200265 450 | |
| 001 | 012007665034 | |
| 005 | 20070517093624.34 | |
| 010 | @a7-5609-3379-3@dCNY21.00 | |
| 100 | @a20070512d2005 km y0chiy0120 ea | |
| 101 | 0 | @achi |
| 102 | @aCN@b420000 | |
| 105 | @ay z 000yy | |
| 106 | @ar | |
| 200 | 1 | @a高等代数辅导与习题解答@Agao deng dai shu fu dao yu xi ti jie da@f黄光谷等编@Fhuang guang gu deng bian |
| 210 | @a武汉@c华中科技大学出版社@d2005 | |
| 215 | @a466页@d21cm | |
| 225 | 2 | @a经典教材辅导用书@i数学系列丛书 |
| 330 | @a本书是《高等代数》(第三版) 教材配套的教学辅导书。按讲(单元)编写,列有内容要点、答疑辅导、例题增补几个栏目,各章末给出了全部习题和补充题解答。 | |
| 462 | 0 | @12001 @a数学系列丛书 |
| 606 | 0 | @a高等代数@x高等学校@j教学参考资料 |
| 606 | 0 | @a高等代数 |
| 690 | @aO15-42@v4 | |
| 701 | 0 | @a黄光谷@Ahuang guang gu@4编 |
| 801 | 0 | @aCN@bRULIN@c20070517 |
| 905 | @dO15-42@e262@s8 | |
| 高等代数辅导与习题解答/黄光谷等编.-武汉:华中科技大学出版社,2005 |
| 466页;21cm.-(经典教材辅导用书.数学系列丛书) |
| ISBN 7-5609-3379-3:CNY21.00 |
| 本书是《高等代数》(第三版) 教材配套的教学辅导书。按讲(单元)编写,列有内容要点、答疑辅导、例题增补几个栏目,各章末给出了全部习题和补充题解答。 |
| ● |
| 相关链接 |
|
|
|
|
正题名:高等代数辅导与习题解答
索取号:O15-42/262
 
预约/预借
| 序号 | 登录号 | 条形码 | 馆藏地/架位号 | 状态 | 备注 |
| 1 | 0573142 | 205731421 | 第二样本阅览室/ [索取号:O15-42/262] | 在馆 | |
| 2 | 0573143 | 205731430 | 第三借阅区/ [索取号:O15-42/262] | 在馆 | |
| 3 | 0573144 | 205731449 | 第三借阅区/ [索取号:O15-42/262] | 在馆 | |
| 4 | 0573145 | 205731458 | 第三借阅区/ [索取号:O15-42/262] | 在馆 | |
| 5 | 0573146 | 205731467 | 第三借阅区/ [索取号:O15-42/262] | 在馆 | |
| 6 | 0573147 | 205731476 | 第三借阅区/ [索取号:O15-42/262] | 在馆 | |
| 7 | 0573148 | 205731485 | 第三借阅区/ [索取号:O15-42/262] | 在馆 | |
| 8 | 0573149 | 205731494 | 第三借阅区/ [索取号:O15-42/262] | 在馆 |